Operácie na devízovom trhu
Obchodovanie na devízovom trhu prostredníctvom elektronických počítačových systémov a brokerských spoločností. Menový (devízový) kurz. Spotové (okamžité) transakcie. Forwardové operácie. Swapové transakcie. Forwardový kurz. Opčné obchody. Metóda menového koša.
Guardado en:
| Autor principal: | |
|---|---|
| Formato: | Capítulo de libro |
| Lenguaje: | eslovaco |
| Materias: | |
| Etiquetas: |
Sin Etiquetas, Sea el primero en etiquetar este registro!
|
MARC
| LEADER | 00000naa a2200000 4500 | ||
|---|---|---|---|
| 001 | r022205 | ||
| 005 | 20230809082242.4 | ||
| 041 | 0 | |a slo | |
| 044 | |a SK | ||
| 245 | 1 | 0 | |a Operácie na devízovom trhu |c V. Kubrický |
| 520 | |a Obchodovanie na devízovom trhu prostredníctvom elektronických počítačových systémov a brokerských spoločností. Menový (devízový) kurz. Spotové (okamžité) transakcie. Forwardové operácie. Swapové transakcie. Forwardový kurz. Opčné obchody. Metóda menového koša. | ||
| 610 | 2 | 0 | |a trh devízový |
| 610 | 2 | 0 | |a obchody bankové |
| 610 | 2 | 0 | |a kurz menový |
| 610 | 2 | 0 | |a mena |
| 610 | 2 | 0 | |a nákup |
| 610 | 2 | 0 | |a predaj |
| 610 | 2 | 0 | |a kurz devízový |
| 610 | 2 | 0 | |a lístky kurzové |
| 610 | 2 | 0 | |a operácie obchodné |
| 610 | 2 | 0 | |a deriváty |
| 610 | 2 | 0 | |a obchody opčné |
| 610 | 2 | 0 | |a kôš menový |
| 100 | 1 | |a Kubrický, V. | |